[Event "European Blitz 2017"]
[Site "Katowice POL"]
[Date "2017.12.15"]
[Round "1.62"]
[White "Fedorov, Alexei"]
[Black "Gajzner, Ryszard"]
[Result "1-0"]
[WhiteTitle "GM"]
[WhiteElo "2573"]
[BlackElo "1723"]
[WhiteFideId "13500465"]
[BlackFideId "1188607"]
[EventDate "2017.12.15"]
[EventType "blitz"]

1. e4 c5 2. d3 Nc6 3. f4 g6 4. Nf3 Bg7 5. Be2 e6 6. O-O Nge7 7. c3 O-O 8. Be3 d6
9. d4 cxd4 10. cxd4 Bd7 11. Nc3 Rc8 12. Qd2 d5 13. e5 Nf5 14. Bf2 Qb6 15. g4
Nfe7 16. Bh4 Na5 17. Bxe7 Rfe8 18. Bf6 Nc4 19. Bxc4 Rxc4 20. Rad1 Qa5 21. Bxg7
Kxg7 22. Nh4 b5 23. f5 b4 24. f6+ 1-0

[Event "European Blitz 2017"]
[Site "Katowice POL"]
[Date "2017.12.15"]
[Round "1.63"]
[White "Chyzy, Jakub"]
[Black "Laurusas, Tomas"]
[Result "0-1"]
[BlackTitle "IM"]
[WhiteElo "2112"]
[BlackElo "2423"]
[WhiteFideId "21806209"]
[BlackFideId "12803731"]
[EventDate "2017.12.15"]
[EventType "blitz"]

1. e4 c6 2. d4 d5 3. e5 Bf5 4. Nf3 e6 5. a3 Nd7 6. Be3 Ne7 7. Be2 Bg6 8. O-O Nf5
9. Bd3 Be7 10. Nc3 O-O 11. Ne2 c5 12. c3 Rc8 13. Ng3 cxd4 14. cxd4 Nxe3 15. fxe3
Qb6 16. b4 Rc3 17. Bxg6 hxg6 18. Qd2 Rfc8 19. Rfc1 Qc6 20. Ne2 Rc4 21. Rxc4 dxc4
22. Nc3 Rd8 23. e4 a5 24. b5 Qb6 25. Kf1 Qc7 26. Qe3 f6 27. exf6 Nxf6 28. Ra2
Ng4 29. Qe2 Nxh2+ 30. Nxh2 Qxh2 31. Qe3 Bh4 32. Nd1 Rf8+ 0-1

[Event "European Blitz 2017"]
[Site "Katowice POL"]
[Date "2017.12.15"]
[Round "1.65"]
[White "Pawlowski, Reinhold"]
[Black "Feuerstack, Aljoscha"]
[Result "0-1"]
[BlackTitle "IM"]
[WhiteElo "1979"]
[BlackElo "2438"]
[WhiteFideId "1125583"]
[BlackFideId "4681932"]
[EventDate "2017.12.15"]
[EventType "blitz"]

1. e4 c5 2. Nf3 e6 3. d4 cxd4 4. Nxd4 Nf6 5. Nc3 Nc6 6. Nxc6 bxc6 7. Bg5 Rb8 8.
b3 Bb4 9. Qd3 Ba6 10. Qd4 c5 11. Qe5 d6 12. Qg3 Nxe4 13. O-O-O Qxg5+ 14. Qxg5
Nxg5 15. Kb2 Bxf1 16. Rhxf1 Bxc3+ 17. Kxc3 d5 18. f4 Ne4+ 19. Kb2 Ke7 20. Rfe1
f5 21. c4 d4 22. g4 Nf2 23. Rd2 Nxg4 24. Rde2 Rb6 25. a4 Rhb8 26. Ka2 Ne3 27.
Rb2 Nxc4 28. a5 Nxa5 29. Re5 Nxb3 30. Rbe2 Nc1+ 0-1

[Event "European Blitz 2017"]
[Site "Katowice POL"]
[Date "2017.12.15"]
[Round "1.66"]
[White "Pena Gomez, Manuel"]
[Black "Isaev, Vasily"]
[Result "1-0"]
[WhiteTitle "IM"]
[WhiteElo "2491"]
[BlackElo "1844"]
[WhiteFideId "2252813"]
[BlackFideId "34152188"]
[EventDate "2017.12.15"]
[EventType "blitz"]

1. e4 e5 2. Nf3 Nc6 3. Bb5 a6 4. Ba4 Nf6 5. d4 exd4 6. O-O Be7 7. Re1 O-O 8. e5
Nd5 9. Nxd4 Nb6 10. Bb3 d6 11. Nxc6 bxc6 12. Bf4 d5 13. c3 Be6 14. Nd2 Qd7 15.
Nf3 Kh8 16. h3 c5 17. Ng5 Bxg5 18. Bxg5 c6 19. Be3 Qe7 20. Bc2 Nc4 21. Bc1 Rab8
22. b3 Nb6 23. Qh5 g6 24. Qh6 f5 25. exf6 Qxf6 26. Bg5 Qxf2+ 27. Kh1 Bf5 28. Re7 1-0

[Event "European Blitz 2017"]
[Site "Katowice POL"]
[Date "2017.12.15"]
[Round "1.68"]
[White "Sammalvuo, Tapani"]
[Black "Kwasniewski, Pawel"]
[Result "1-0"]
[WhiteTitle "IM"]
[WhiteElo "2416"]
[BlackElo "1717"]
[WhiteFideId "501115"]
[BlackFideId "1155180"]
[EventDate "2017.12.15"]
[EventType "blitz"]

1. Nf3 d5 2. d4 Nf6 3. c4 c6 4. cxd5 cxd5 5. Nc3 Nc6 6. Bf4 Bf5 7. e3 e6 8. Qb3
Bb4 9. Bb5 O-O 10. Bxc6 Bxc3+ 11. Qxc3 Rc8 12. Ne5 bxc6 13. Rc1 Ne4 14. Qa3 f6
15. Nd3 Qb6 16. f3 Ng5 17. Nc5 Nf7 18. Nd7 Qb5 19. Nxf8 Rxf8 20. Rc5 Qb6 21. O-O
e5 22. Bg3 Re8 23. Qc3 exd4 24. Qxd4 Ne5 25. Bxe5 fxe5 26. Qc3 d4 27. exd4 exd4
28. Qxd4 Rd8 29. Qf2 Qb4 30. Rxf5 Rd2 31. Qxa7 h6 32. Qf7+ Kh7 33. Qb3 Qd4+ 34.
Kh1 Rxb2 35. Qd1 Rd2 36. Qb1 Kg8 37. Ra5 Rb2 38. Qd1 Rd2 39. Qb3+ Kh8 40. Ra8+
Kh7 41. Qb1+ g6 42. Qb7+ Qd7 43. Qxd7+ Rxd7 44. a4 1-0

[Event "European Blitz 2017"]
[Site "Katowice POL"]
[Date "2017.12.15"]
[Round "1.69"]
[White "Castillo Martinez, Aran"]
[Black "Kuzmicz, Krystian"]
[Result "0-1"]
[BlackTitle "IM"]
[WhiteElo "1755"]
[BlackElo "2460"]
[WhiteFideId "32074301"]
[BlackFideId "1119125"]
[EventDate "2017.12.15"]
[EventType "blitz"]

1. d4 g6 2. Nf3 Bg7 3. c4 c5 4. Nc3 cxd4 5. Nxd4 Nc6 6. Nxc6 bxc6 7. e4 d6 8.
Be3 Qa5 9. Bd2 Qc7 10. Be2 Nf6 11. O-O O-O 12. Be3 Rb8 13. Qd2 Be6 14. Rab1 Rfd8
15. Bf4 Nd7 16. Bh6 Qa5 17. Bxg7 Kxg7 18. Qd4+ Kg8 19. b3 Nf6 20. Qe3 Bc8 21. f4
Qb6 22. Qxb6 axb6 23. e5 dxe5 24. fxe5 Nd7 25. Rbe1 Nxe5 26. Bd1 f6 27. Bf3 Bf5
28. Bxc6 Nxc6 29. Nd5 Kf7 30. Rf3 b5 31. Rfe3 Rd7 32. cxb5 Rxb5 33. Nc3 Re5 34.
Rxe5 Nxe5 35. a4 Rb7 36. Nb5 Bd7 37. Nd4 Nc6 38. Nxc6 Bxc6 39. Re3 Bd5 40. b4
Rxb4 41. Rd3 e6 42. a5 Ra4 43. Rc3 Rxa5 44. Rc7+ Kg8 45. Rc8+ Kg7 46. Rc7+ Kh6
47. Rc3 Ra2 48. Rh3+ Kg7 49. Rg3 Rxg2+ 50. Rxg2 Bxg2 51. Kxg2 e5 0-1

[Event "European Blitz 2017"]
[Site "Katowice POL"]
[Date "2017.12.15"]
[Round "1.71"]
[White "Meller, Piotr"]
[Black "Arnaudov, G. Petar"]
[Result "0-1"]
[BlackTitle "GM"]
[WhiteElo "2031"]
[BlackElo "2439"]
[WhiteFideId "1179551"]
[BlackFideId "2907127"]
[EventDate "2017.12.15"]
[EventType "blitz"]

1. Nf3 Nf6 2. c4 e6 3. g3 d5 4. Bg2 d4 5. O-O c5 6. e3 Nc6 7. exd4 cxd4 8. d3
Bd6 9. Bg5 O-O 10. Nbd2 h6 11. Bxf6 Qxf6 12. Ne4 Qd8 13. Nxd6 Qxd6 14. Rc1 e5
15. Nd2 Bf5 16. Ne4 Qc7 17. c5 Bxe4 18. Bxe4 f5 19. Bg2 Kh8 20. Qd2 a5 21. a3 a4
22. f4 Na5 23. Rc4 Nb3 24. Qd1 Nxc5 25. fxe5 Qxe5 26. Re1 Qd6 27. Qc1 Nxd3 0-1

[Event "European Blitz 2017"]
[Site "Katowice POL"]
[Date "2017.12.15"]
[Round "1.72"]
[White "Kazakovskiy, Valeriy"]
[Black "Kopica, Paulina"]
[Result "1-0"]
[WhiteTitle "IM"]
[WhiteElo "2422"]
[BlackElo "1959"]
[WhiteFideId "13507443"]
[BlackFideId "1161210"]
[EventDate "2017.12.15"]
[EventType "blitz"]

1. d4 e6 2. c4 f5 3. g3 Nf6 4. Bg2 d5 5. Qc2 c6 6. Nf3 Bd6 7. O-O O-O 8. Bf4
Bxf4 9. gxf4 Ne4 10. e3 Nd7 11. Ne5 Qh4 12. f3 Nef6 13. c5 g5 14. fxg5 Qxg5 15.
f4 Qh4 16. Qf2 Qh6 17. Bf3 Kh8 18. Kh1 Ne4 19. Bxe4 fxe4 20. Nc3 Nf6 21. Rg1 Bd7
22. Rg5 Be8 23. Rag1 Rg8 24. Rxg8+ Nxg8 25. Qg3 Nf6 26. b4 Bh5 27. Rg2 Rg8 28.
Qh4 a6 29. Nf7+ 1-0

[Event "European Blitz 2017"]
[Site "Katowice POL"]
[Date "2017.12.15"]
[Round "1.73"]
[White "Grzesik, Gracjan"]
[Black "Skliarov, Viktor"]
[Result "0-1"]
[BlackTitle "IM"]
[WhiteElo "1797"]
[BlackElo "2353"]
[WhiteFideId "1194593"]
[BlackFideId "14106736"]
[EventDate "2017.12.15"]
[EventType "blitz"]

1. c4 e5 2. Nc3 Bb4 3. g3 Nf6 4. Bg2 Bxc3 5. bxc3 d6 6. Nf3 O-O 7. d4 Nc6 8. O-O
Qe7 9. a4 e4 10. Ne1 Na5 11. c5 dxc5 12. Ba3 b6 13. dxc5 Nc4 14. cxb6 Nxa3 15.
Qb3 axb6 16. Rxa3 Ba6 17. Qb2 Bxe2 18. Nc2 Bxf1 19. Bxf1 Ng4 20. c4 Ne5 21. Ne3
c6 22. Ra1 Qf6 23. Qb1 Nf3+ 24. Kh1 Nd2 25. Qd1 Qxf2 26. Ng4 Qf3+ 27. Bg2 Qxd1+
28. Rxd1 Nxc4 29. Bxe4 Rxa4 30. Bxc6 Ra5 31. Bd5 h5 32. Bxc4 hxg4 33. Rb1 Rc5
34. Bb3 b5 35. Kg2 Rd8 36. Rb2 Rd3 37. Ba2 Rdc3 38. Rf2 Rc7 39. Bd5 Kf8 40. Kf1
Rc1+ 41. Ke2 R1c2+ 42. Ke3 Rxf2 43. Kxf2 b4 44. Bb3 Rc3 45. Bd5 b3 46. Ke2 b2
47. Be4 Rc1 0-1

[Event "European Blitz 2017"]
[Site "Katowice POL"]
[Date "2017.12.15"]
[Round "1.74"]
[White "Zorko, Jure"]
[Black "Sidletskiy, Ivan"]
[Result "1-0"]
[WhiteTitle "IM"]
[WhiteElo "2457"]
[BlackElo "1842"]
[WhiteFideId "14604051"]
[BlackFideId "14156024"]
[EventDate "2017.12.15"]
[EventType "blitz"]

1. d4 d5 2. Nf3 Bf5 3. c4 e6 4. Nc3 c6 5. Qb3 Qb6 6. c5 Qxb3 7. axb3 Nd7 8. b4
Ngf6 9. b5 Be7 10. bxc6 bxc6 11. Bf4 O-O 12. h3 Ne4 13. e3 Nxc3 14. bxc3 a5 15.
Ne5 Nxe5 16. Bxe5 f6 17. Bc7 Bd8 18. Bg3 Rf7 19. Be2 Rb7 20. O-O Rb3 21. Rfc1
Kf7 22. Bd1 Rb7 23. Ba4 Ra6 24. Ra2 Ke7 25. c4 dxc4 26. Rxc4 Bd3 27. Rc3 Bb5 28.
Bd1 a4 29. Bf3 Ba5 30. Rc1 Bc7 31. Bxc7 Rxc7 32. Rb1 Rb7 33. Ra3 Rb8 34. Rb4 Kd7
35. Be4 f5 36. Bf3 g6 37. h4 h5 38. Kh2 Kc7 39. Bd1 Rba8 40. Kg3 Kd8 41. Kf4 Ke7
42. Kg5 Kf7 43. Bf3 R8a7 44. e4 Kg7 45. exf5 exf5 46. d5 cxd5 47. Rxb5 1-0

[Event "European Blitz 2017"]
[Site "Katowice POL"]
[Date "2017.12.15"]
[Round "1.75"]
[White "Adamczyk, Piotr"]
[Black "Stocek, Jiri"]
[Result "0-1"]
[BlackTitle "GM"]
[WhiteElo "1746"]
[BlackElo "2566"]
[WhiteFideId "1174312"]
[BlackFideId "304760"]
[EventDate "2017.12.15"]
[EventType "blitz"]

1. e4 c5 2. Nf3 e6 3. d4 cxd4 4. Nxd4 Nf6 5. Nc3 d6 6. Be2 a6 7. a4 Nbd7 8. Be3
b6 9. O-O Bb7 10. Bf3 Ne5 11. Bg5 Be7 12. Re1 Rc8 13. Bf4 O-O 14. Bxe5 dxe5 15.
Nb3 Bb4 16. Qxd8 Rfxd8 17. Rad1 Rxd1 18. Rxd1 Bxc3 19. bxc3 Kf8 20. Rd3 Bxe4 21.
Bxe4 Nxe4 22. Kf1 a5 23. Ke1 Nxc3 24. Rd6 Nxa4 25. Rxb6 Nxb6 0-1

[Event "European Blitz 2017"]
[Site "Katowice POL"]
[Date "2017.12.15"]
[Round "1.76"]
[White "Visnevskis, Valdis"]
[Black "Gdanski, Jacek"]
[Result "0-1"]
[BlackTitle "GM"]
[WhiteElo "1667"]
[BlackElo "2458"]
[WhiteFideId "11608161"]
[BlackFideId "1100106"]
[EventDate "2017.12.15"]
[EventType "swiss"]

1. b3 e5 2. Bb2 Nc6 3. e3 Nf6 4. Bb5 Bd6 5. Ne2 a6 6. Bxc6 dxc6 7. O-O O-O 8. f4
Qe7 9. Qe1 Nd5 10. c4 Nb4 11. fxe5 Bxe5 12. Bxe5 Qxe5 13. Nbc3 Nc2 14. Qg3 Qxg3
15. Nxg3 Nxa1 16. Rxa1 Be6 17. d4 Rae8 18. Kf2 b6 19. Re1 f5 20. Nh5 g5 21. Ng3
f4 22. Nge4 fxe3+ 23. Kxe3 h6 24. h3 Kg7 25. Re2 Kg6 26. Kd2 Bf5 27. Rf2 Bxe4
28. Nxe4 Rxf2+ 29. Nxf2 h5 30. Kd3 Kf5 31. g3 Re1 32. Kd2 Ra1 33. a4 Ra2+ 34.
Ke3 Ra3 35. g4+ hxg4 36. hxg4+ Kg6 37. Ne4 Rxb3+ 0-1

[Event "European Blitz 2017"]
[Site "Katowice POL"]
[Date "2017.12.15"]
[Round "1.77"]
[White "Polzin, Rainer"]
[Black "Czaplewska, Klara"]
[Result "1-0"]
[WhiteTitle "GM"]
[WhiteElo "2404"]
[BlackElo "1885"]
[WhiteFideId "4610741"]
[BlackFideId "1149342"]
[EventDate "2017.12.15"]
[EventType "swiss"]

1. e4 e5 2. Nf3 Nc6 3. Bb5 a6 4. Ba4 Nf6 5. O-O d6 6. d3 b5 7. Bb3 Na5 8. h3
Nxb3 9. axb3 Be7 10. Bg5 h6 11. Be3 O-O 12. c4 Bb7 13. Nc3 c6 14. Re1 Qc7 15.
Rc1 Rac8 16. cxb5 axb5 17. Nxb5 Qa5 18. Na3 Rfe8 19. Nc4 Qb4 20. Ra1 Nd7 21. Ra4
Qb5 22. Ra5 Qb4 23. Bd2 1-0

[Event "European Blitz 2017"]
[Site "Katowice POL"]
[Date "2017.12.15"]
[Round "1.78"]
[White "Bancarewicz, Aleks"]
[Black "Luch, Michal"]
[Result "1-0"]
[BlackTitle "IM"]
[WhiteElo "1691"]
[BlackElo "2398"]
[WhiteFideId "21838550"]
[BlackFideId "1120042"]
[EventDate "2017.12.15"]
[EventType "swiss"]

1. e4 c5 2. Nc3 a6 3. g3 b5 4. Bg2 Bb7 5. f4 e6 6. Nf3 b4 7. Ne2 Bxe4 8. d3 Bb7
9. O-O Nf6 10. h3 Be7 11. Be3 d6 12. Kh2 O-O 13. g4 Nd5 14. Bd2 Nd7 15. Ng3 a5
16. Qe2 a4 17. Qf2 Rb8 18. f5 Ne5 19. Nxe5 dxe5 20. fxe6 fxe6 21. Qe2 Bd6 22.
Ne4 Nf4 23. Qf3 Be7 24. Be3 Qc7 25. Qg3 Bd5 26. b3 a3 27. Rae1 Rf7 28. Rf3 Rbf8
29. Ref1 Qd8 30. R3f2 Bh4 31. Qf3 Bxf2 32. Qxf2 Nxg2 33. Qxg2 Rxf1 34. Bxc5 Bxe4
35. Qxe4 Qd5 36. Qxd5 exd5 37. Bxf8 Kxf8 38. Kg2 Ra1 1-0

[Event "European Blitz 2017"]
[Site "Katowice POL"]
[Date "2017.12.15"]
[Round "1.79"]
[White "Kanarek, Marcel"]
[Black "Paliwoda, Borys"]
[Result "1-0"]
[WhiteTitle "GM"]
[WhiteElo "2505"]
[BlackElo "1956"]
[WhiteFideId "1126822"]
[BlackFideId "1187376"]
[EventDate "2017.12.15"]
[EventType "swiss"]

1. e4 c5 2. Nf3 e6 3. d4 cxd4 4. Nxd4 Qb6 5. Nb3 a6 6. Be3 Qc7 7. Bd3 b5 8. O-O
Nf6 9. a4 b4 10. c3 Bb7 11. N1d2 bxc3 12. bxc3 d6 13. f3 Nbd7 14. Nc4 Be7 15.
Nca5 O-O 16. Nxb7 Qxb7 17. Rb1 Qc7 18. Qd2 Rfc8 19. Rfc1 Rcb8 20. Qe2 Qc8 21. f4
Nc5 22. Nxc5 Rxb1 23. Rxb1 dxc5 24. Rb6 a5 25. Rb5 Qc7 26. c4 Rb8 27. Bd2 Rxb5
28. cxb5 Nd7 29. e5 Qb6 30. Bc4 Nb8 31. Qe1 Bd8 32. Bc3 Nd7 33. Qd2 Qc7 34. g3
Nb8 35. Kg2 Qb7+ 36. Kg1 Qb6 37. Qd3 Qc7 38. Qe4 Nd7 39. Qd3 Nb8 40. Qf3 Nd7 41.
Kf2 Qb6 42. Ke1 Qc7 43. Kd1 Nb8 44. Kc2 Nd7 45. Kb3 Nb8 46. g4 Qe7 47. Qa8 Qc7
48. f5 exf5 49. gxf5 Kf8 50. e6 fxe6 51. fxe6 1-0

[Event "European Blitz 2017"]
[Site "Katowice POL"]
[Date "2017.12.15"]
[Round "1.80"]
[White "Hasinski, Krystian"]
[Black "Brodowski, Piotr"]
[Result "1/2-1/2"]
[BlackTitle "IM"]
[WhiteElo "1921"]
[BlackElo "2430"]
[WhiteFideId "1118684"]
[BlackFideId "1124480"]
[EventDate "2017.12.15"]
[EventType "swiss"]

1. d4 c5 2. e3 Nf6 3. c4 e6 4. Nc3 Be7 5. Nf3 O-O 6. Be2 b6 7. O-O Bb7 8. b3
cxd4 9. Nxd4 Nc6 10. Bb2 a6 11. Rc1 Rc8 12. Bf3 Qc7 13. Nxc6 Bxc6 14. Bxc6 dxc6
15. Qf3 Bd6 16. h3 Be5 17. Nd1 Bxb2 18. Nxb2 Qe5 19. Nd3 Qa5 20. Rc2 Rfd8 21.
Nf4 Qf5 22. Rfc1 e5 23. Ne2 Qxf3 24. gxf3 a5 25. Ng3 g6 26. Ne4 Nxe4 27. fxe4
Rd3 28. Kf1 Kf8 29. Ke2 Rcd8 30. Rc3 Rd2+ 1/2-1/2

[Event "European Blitz 2017"]
[Site "Katowice POL"]
[Date "2017.12.15"]
[Round "1.81"]
[White "Berchtenbreiter, Maximilian"]
[Black "Kurzok, Zenon"]
[Result "1-0"]
[WhiteTitle "IM"]
[WhiteElo "2387"]
[BlackElo "1728"]
[WhiteFideId "24641120"]
[BlackFideId "1159780"]
[EventDate "2017.12.15"]
[EventType "swiss"]

1. b3 e5 2. Bb2 d6 3. c4 Nc6 4. g3 Nf6 5. Bg2 Be7 6. Nf3 Bd7 7. a3 h6 8. b4 Qc8
9. d4 exd4 10. Nxd4 Nxd4 11. Qxd4 c6 12. Nc3 Bh3 13. O-O Bxg2 14. Kxg2 h5 15. h3
Qc7 16. Rad1 Rd8 17. Qxa7 O-O 18. Qe3 Rfe8 19. Qf3 Bf8 20. e3 Re6 21. Ne2 Rde8
22. Nf4 Re4 23. Bxf6 gxf6 24. Nxh5 Qe7 25. Nxf6+ Kh8 26. Qh5+ Kg7 27. Qg5+ Kh8
28. Qg8# 1-0

[Event "European Blitz 2017"]
[Site "Katowice POL"]
[Date "2017.12.15"]
[Round "1.82"]
[White "Suder, Jakub"]
[Black "Jakubowski, Krzysztof"]
[Result "0-1"]
[BlackTitle "GM"]
[WhiteElo "1768"]
[BlackElo "2526"]
[WhiteFideId "1195310"]
[BlackFideId "1112848"]
[EventDate "2017.12.15"]
[EventType "swiss"]

1. d4 Nf6 2. Bf4 e6 3. e3 d5 4. c3 Bd6 5. Bg3 b6 6. Nf3 Bb7 7. Bd3 Nbd7 8. Nbd2
Ne4 9. Qc2 f5 10. Bh4 Qc8 11. Ng5 Ndf6 12. f3 Nxd2 13. Qxd2 h6 14. Nh3 g5 15.
Bg3 Qd7 16. O-O-O O-O-O 17. Kb1 Kb8 18. Rhe1 a6 19. Be5 Bxe5 20. dxe5 Ng8 21. f4
Qg7 22. g3 Ne7 23. Ng1 c5 24. Qe2 Ka7 25. Bc2 h5 26. Nf3 gxf4 27. gxf4 Nc6 28.
Rg1 Qe7 29. Rg6 Rhg8 30. Rdg1 Rxg6 31. Rxg6 d4 32. Ng5 dxc3 33. Rxe6 Qc7 34.
bxc3 Na5 35. Bxf5 c4 36. Bc2 Qc5 37. Ne4 Qa3 38. Rd6 Rg8 39. Qe1 Nb3 40. Nd2
Nxd2+ 41. Qxd2 Rg1+ 42. Bd1 Be4+ 43. Ka1 Rxd1+ 44. Qxd1 Qxc3# 0-1

[Event "European Blitz 2017"]
[Site "Katowice POL"]
[Date "2017.12.15"]
[Round "1.83"]
[White "Pultinevicius, Paulius"]
[Black "Czarniecka, Aleksandra"]
[Result "1-0"]
[WhiteTitle "IM"]
[WhiteElo "2371"]
[BlackElo "1954"]
[WhiteFideId "12809390"]
[BlackFideId "1194933"]
[EventDate "2017.12.15"]
[EventType "swiss"]

1. d4 Nf6 2. c4 g6 3. Nc3 Bg7 4. e4 d6 5. Nf3 O-O 6. Be2 e5 7. O-O Nc6 8. d5 Ne7
9. Nd2 Ne8 10. b4 f5 11. c5 f4 12. Bg4 h5 13. Bxc8 Rxc8 14. Nc4 f3 15. gxf3 Qd7
16. Kg2 Nf6 17. h4 Kh7 18. Bg5 Neg8 19. Rh1 Bh6 20. Rc1 Ne8 21. Bxh6 Nxh6 22.
Ne2 Qf7 23. Ng3 Nf6 24. cxd6 cxd6 25. Nxd6 Rxc1 26. Nxf7 Rxd1 27. Ng5+ Kg8 28.
Rxd1 Nf7 29. Ne6 Rc8 30. f4 Ng4 31. d6 exf4 32. d7 f3+ 33. Kg1 Ra8 34. d8=Q+
Nxd8 35. Rxd8+ Rxd8 36. Nxd8 Ne5 37. Nxb7 Nd3 38. b5 Nb4 39. a4 Nd3 40. Na5 Nc5
41. Nc6 Nxa4 42. Nxa7 Nb6 43. e5 Kf7 44. Nc6 Ke6 45. Ne4 Nd5 46. Nc5+ Kf7 47.
Na4 Ke8 48. b6 1-0

[Event "European Blitz 2017"]
[Site "Katowice POL"]
[Date "2017.12.15"]
[Round "1.85"]
[White "Maier, Christian"]
[Black "Kaluzny, Krzysztof"]
[Result "1-0"]
[WhiteTitle "IM"]
[WhiteElo "2393"]
[BlackElo "1528"]
[WhiteFideId "4601955"]
[BlackFideId "1147285"]
[EventDate "2017.12.15"]
[EventType "swiss"]

1. e4 e6 2. d4 d5 3. Nc3 dxe4 4. Nxe4 Nf6 5. Bg5 Be7 6. Bxf6 Bxf6 7. Nf3 h6 8.
Qd2 b6 9. O-O-O Bb7 10. Bd3 Nd7 11. Kb1 Qe7 12. Rhe1 O-O-O 13. c4 Nf8 14. Bc2
Ng6 15. Qe3 Kb8 16. g3 Rhe8 17. h4 Nf8 18. Ba4 Nd7 19. Qf4 Rf8 20. a3 Rg8 21.
Qe3 e5 22. d5 Nc5 23. Nxc5 Qxc5 24. Qxc5 bxc5 25. Nd2 g5 26. hxg5 Rxg5 27. Ne4
Rg6 28. Nxc5 Bc8 29. Bc2 Rg4 30. Ne4 Bg7 31. f3 Rg6 32. g4 h5 33. Ng3 hxg4 34.
Bxg6 fxg6 35. fxg4 Bxg4 36. Rd2 Bh6 37. Rh2 Bf4 38. Rg2 Bf3 39. Rgg1 Rh8 40. Ne4
Bh5 41. c5 Rd8 42. d6 cxd6 43. cxd6 g5 44. Ka1 Bg6 45. Nxg5 Rxd6 46. Ne4 Re6 47.
Nc5 Rc6 48. Nd7+ Kc7 49. Nxe5 Bxe5 50. Rxe5 Be8 51. Rxe8 1-0

[Event "European Blitz 2017"]
[Site "Katowice POL"]
[Date "2017.12.15"]
[Round "1.86"]
[White "Vraj, Karel"]
[Black "Djuric, Stefan"]
[Result "1-0"]
[BlackTitle "GM"]
[WhiteElo "1877"]
[BlackElo "2383"]
[WhiteFideId "366056"]
[BlackFideId "900133"]
[EventDate "2017.12.15"]
[EventType "swiss"]

1. e4 c5 2. Nf3 g6 3. d4 Bg7 4. Be3 Nf6 5. Nc3 Ng4 6. Qd2 Nxe3 7. fxe3 O-O 8.
Bc4 Nc6 9. O-O a6 10. dxc5 Qa5 11. Ng5 e6 12. Qd6 Be5 13. Nxf7 Bxd6 1-0

[Event "European Blitz 2017"]
[Site "Katowice POL"]
[Date "2017.12.15"]
[Round "1.87"]
[White "Kourousis, Epaminondas"]
[Black "Goraj, Barbara"]
[Result "0-1"]
[WhiteTitle "IM"]
[WhiteElo "2393"]
[BlackElo "1655"]
[WhiteFideId "4211626"]
[BlackFideId "21816166"]
[EventDate "2017.12.15"]
[EventType "swiss"]

1. Nf3 Nf6 2. d4 g6 3. c4 Bg7 4. Nc3 d6 5. e4 O-O 6. h3 Nbd7 7. Be3 e5 8. d5 Nh5
9. g3 a6 10. Be2 Qe8 11. Nd2 Nhf6 12. g4 Qe7 13. h4 b6 14. h5 gxh5 15. gxh5 h6
16. Nf1 Nc5 17. Ng3 a5 18. Qd2 Kh7 19. O-O-O Ng4 20. Rdg1 Nxe3 21. Qxe3 Qg5 22.
Nf5 Qxe3+ 23. Nxe3 Bd7 24. Kc2 Rae8 25. Bg4 Bxg4 26. Rxg4 Rg8 27. Nb5 Na6 28.
Rh3 Bf6 29. Rf3 Rxg4 30. Nxg4 Bg5 31. Rxf7+ Kg8 32. Rd7 Rf8 33. Nxc7 Nxc7 34.
Rxc7 Rf4 35. f3 Rxf3 36. Rc6 Rf4 37. Ne3 Rf2+ 38. Kb3 Bxe3 39. Rxd6 Bd4 40. Rg6+
Kh7 41. Ka4 Rxb2 42. a3 Rb1 43. d6 Rd1 44. Re6 Bc5 45. Re7+ Kg8 46. Rxe5 Rxd6
47. Kb5 Bxa3 48. Re8+ Kf7 49. Rb8 Bc5 50. e5 Re6 51. Rb7+ Kg8 52. Rb8+ Kf7 53.
Rb7+ Re7 54. Rb8 Rxe5 55. Kc6 Rxh5 56. Kd7 Rh1 57. Rh8 Kg7 58. Rc8 h5 59. Ke6
Rf1 60. Rc7+ Kg6 61. Rc8 Re1+ 62. Kd5 h4 63. Rh8 Kg5 64. Rg8+ Kf4 65. Rh8 Kg3
66. Rg8+ Kh2 67. Rh8 h3 68. Rg8 Rg1 69. Re8 Kg2 70. Re2+ Kf1 71. Rh2 Rg3 72. Ke4
Kg1 73. Rd2 h2 74. Rd1+ Kg2 75. Rd2+ Kh3 76. Rd1 Bg1 77. Rd7 h1=Q+ 78. Kf5 Qf3+ 0-1

[Event "European Blitz 2017"]
[Site "Katowice POL"]
[Date "2017.12.15"]
[Round "1.88"]
[White "Miezis, Normunds"]
[Black "Olej, Dariusz"]
[Result "0-1"]
[WhiteTitle "GM"]
[WhiteElo "2434"]
[BlackElo "1431"]
[WhiteFideId "11600136"]
[BlackFideId "1162691"]
[EventDate "2017.12.15"]
[EventType "swiss"]

1. Nf3 c5 2. c3 Nf6 3. d4 e6 4. Bf4 b6 5. e3 Bb7 6. Nbd2 Be7 7. Qc2 cxd4 8. exd4
Nd5 9. Bg3 f5 10. h3 Nc6 11. Bc4 Na5 12. Bd3 Rc8 13. Qd1 O-O 14. Rc1 Bg5 15. O-O
Bf4 16. b3 Bxg3 17. fxg3 Nxc3 18. Qe1 Nxa2 19. Rxc8 Qxc8 20. Ne5 Nb4 21. Bb1 Qc3
22. Kh2 Qxd4 23. Rf4 Qd5 24. Ndf3 Nbc6 25. Nxc6 Nxc6 26. b4 Qd6 27. Rh4 h6 28.
Qe2 e5 29. Qc2 e4 30. Qb3+ 0-1

[Event "European Blitz 2017"]
[Site "Katowice POL"]
[Date "2017.12.15"]
[Round "1.90"]
[White "Mikrut, Dariusz"]
[Black "Drozdzynski, Arkadiusz"]
[Result "0-1"]
[WhiteTitle "IM"]
[WhiteElo "2375"]
[BlackElo "1802"]
[WhiteFideId "1112791"]
[BlackFideId "21806250"]
[EventDate "2017.12.15"]
[EventType "swiss"]

1. e4 c5 2. Nc3 Nc6 3. g3 g6 4. Bg2 Bg7 5. Nge2 d6 6. d3 e5 7. h3 Nge7 8. O-O
Be6 9. f4 Qd7 10. g4 exf4 11. Nxf4 O-O 12. Be3 Nd4 13. a3 Rac8 14. Qd2 b5 15.
Ncd5 Bxd5 16. Nxd5 Nxd5 17. exd5 Rfe8 18. Rae1 b4 19. c3 bxc3 20. bxc3 Nb5 21.
c4 Bc3 22. Qc1 Bxe1 23. Rxe1 Nd4 24. Be4 Rb8 25. Bxd4 cxd4 26. Qa1 Qe7 27. Rf1
Qe5 28. Qe1 Rb2 29. Rf2 Qg3+ 30. Kf1 Rxf2+ 31. Qxf2 Qxh3+ 32. Qg2 Qxg2+ 33. Kxg2
Kg7 34. Kg3 h6 35. Kf4 Kf6 36. a4 a5 0-1